[Event "Nairobi Afzali Memorial"]
[Site "Nairobi"]
[Date "2024.05.05"]
[Round "4"]
[White "Issa, Faud"]
[Black "Chvoro, Viacheslav"]
[Result "1/2-1/2"]
[WhiteElo "1855"]
[BlackElo "1706"]
[PlyCount "81"]
[EventDate "2024.05.04"]
[EventType "swiss"]
[EventRounds "4"]
[EventCountry "KEN"]
[SourceTitle "CB20_2024"]
[SourceDate "2024.05.16"]
[SourceVersion "1"]
[SourceVersionDate "2024.05.16"]
[SourceQuality "1"]

1. e4 e6 2. d4 d5 3. Nd2 c5 4. Ngf3 cxd4 5. Nxd4 Nc6 6. Nxc6 bxc6 7. Bd3 Bc5 8. Nf3 dxe4 9. Bxe4 Qxd1+ 10. Kxd1 Bb7 11. Ke2 Nf6 12. Bd3 Ng4 13. Rf1 0-0 14. h3 Nxf2 15. Rxf2 Bxf2 16. Kxf2 c5 17. Be3 Rac8 18. Ne5 Rfd8 19. Rf1 f6 20. Nc4 e5 21. Bf5 Rc7 22. Na5 Ba6 23. Be6+ Kf8 24. c4 Ke7 25. Bf5 g6 26. Be4 Rd6 27. Rc1 f5 28. Bd5 f4 29. Bd2 Bxc4 30. Nxc4 Rxd5 31. Ba5 Rc6 32. Re1 Re6 33. Bc3 e4 34. h4 h6 35. g3 Rd3 36. gxf4 Rf3+ 37. Kg2 Rxf4 38. Kg3 Rf3+ 39. Kg2 Rf4 40. Kg3 Rf3+ 41. Kg2 1/2-1/2

[Event "Nairobi Afzali Memorial"]
[Site "Nairobi"]
[Date "2024.05.05"]
[Round "3"]
[White "Kagambi, Lawrence"]
[Black "Issa, Faud"]
[Result "0-1"]
[WhiteElo "1773"]
[BlackElo "1855"]
[PlyCount "64"]
[EventDate "2024.05.04"]
[EventType "swiss"]
[EventRounds "4"]
[EventCountry "KEN"]
[SourceTitle "CB20_2024"]
[SourceDate "2024.05.16"]
[SourceVersion "1"]
[SourceVersionDate "2024.05.16"]
[SourceQuality "1"]

1. e4 c6 2. d4 d5 3. exd5 cxd5 4. Bd3 Nc6 5. Nf3 Bg4 6. c3 Nf6 7. Bg5 e6 8. Nbd2 Be7 9. Bf4 0-0 10. h3 Bh5 11. Qe2 a6 12. g4 Bg6 13. Ng5 Bd6 14. Bxg6 Bxf4 15. Nxf7 Rxf7 16. Bxf7+ Kxf7 17. h4 Qd6 18. g5 Bxd2+ 19. Qxd2 Ne4 20. Qe3 Kg8 21. f4 Rf8 22. Rf1 Na5 23. Rf3 Nc4 24. Qe2 Ncd2 25. Re3 Qxf4 26. Kd1 Qxh4 27. Kc2 Rf2 28. Qd3 Qh2 29. Rae1 Nf3+ 30. Kc1 Nxe1 31. Rxe1 Rxb2 32. Rxe4 dxe4 0-1

[Event "Nairobi Afzali Memorial"]
[Site "Nairobi"]
[Date "2024.05.04"]
[Round "1"]
[White "Giceha, Samwel Nderitu"]
[Black "Issa, Faud"]
[Result "0-1"]
[WhiteElo "1646"]
[BlackElo "1855"]
[PlyCount "86"]
[EventDate "2024.05.04"]
[EventType "swiss"]
[EventRounds "4"]
[EventCountry "KEN"]
[SourceTitle "CB20_2024"]
[SourceDate "2024.05.16"]
[SourceVersion "1"]
[SourceVersionDate "2024.05.16"]
[SourceQuality "1"]

1. e4 c6 2. d4 d5 3. e5 c5 4. Nf3 Nc6 5. c3 Bg4 6. Bb5 e6 7. 0-0 Qb6 8. Bxc6+ bxc6 9. Qa4 Bxf3 10. gxf3 cxd4 11. cxd4 Qb5 12. Qc2 Ne7 13. Nc3 Qc4 14. Be3 Nf5 15. Rfd1 Bb4 16. Qd3 Bxc3 17. Qxc4 dxc4 18. bxc3 Rb8 19. Rdb1 Kd7 20. Rb4 Rxb4 21. cxb4 Rb8 22. a3 a5 23. Rb1 Ne7 24. Kf1 Nd5 25. Ke1 axb4 26. axb4 Rxb4 27. Rxb4 Nxb4 28. Kd2 Nd5 29. Kc2 Kc7 30. Bd2 Kb6 31. Bc1 Nb4+ 32. Kd1 Nd3 33. Be3 Kb5 34. Kc2 Ne1+ 35. Kc3 Nxf3 36. h3 h5 37. Bc1 Ng1 38. h4 Ne2+ 39. Kd2 Nxc1 40. Kxc1 c5 41. dxc5 Kxc5 42. f4 Kd5 43. Kc2 Ke4 0-1